Detalles MARC
| 000 -LEADER |
| campo de control de longitud fija |
03624cam a22006974i 4500 |
| 003 - IDENTIFICADOR DE NÚMERO DE CONTROL |
| campo de control |
PE-LiUPU |
| 005 - FECHA Y HORA DE LA ÚLTIMA TRANSACCIÓN |
| campo de control |
20250731180145.0 |
| 008 - DATOS DE LONGITUD FIJA--INFORMACIÓN GENERAL |
| campo de control de longitud fija |
150625s2011 sp a rb 000 0 spa d |
| 020 ## - NÚMERO INTERNACIONAL ESTÁNDAR DEL LIBRO |
| Número Internacional Estándar del Libro |
8497321782 |
| 020 ## - NÚMERO INTERNACIONAL ESTÁNDAR DEL LIBRO |
| Número Internacional Estándar del Libro |
9788497321785 |
| 035 ## - NÚMERO DE CONTROL DEL SISTEMA |
| Número de control de sistema |
(Sirsi) i9788497321785 |
| 040 ## - FUENTE DE CATALOGACIÓN |
| Centro catalogador/agencia de origen |
PE-LiUPU |
| Lengua de catalogación |
spa |
| Centro/agencia transcriptor |
PE-LiUPU |
| Normas de descripción |
rda |
| 082 04 - NÚMERO DE LA CLASIFICACIÓN DECIMAL DEWEY |
| Número de clasificación |
577.27 |
| Cutter |
O74c |
| Número de edición |
20 |
| 100 1# - ENTRADA PRINCIPAL--NOMBRE DE PERSONA |
| Nombre de persona |
Orozco Barrenetxea, Carmen, |
| Término indicativo de función/relación |
autor. |
| 245 00 - MENCIÓN DEL TÍTULO |
| Título |
Contaminación ambiental : |
| Resto del título |
una visión desde la química / |
| Mención de responsabilidad, etc. |
Carmen Orozco Barrenetxea [y otros cuatro]. |
| 264 #1 - PRODUCCIÓN, PUBLICACIÓN, DISTRIBUCIÓN, FABRICACIÓN Y COPYRIGHT |
| Producción, publicación, distribución, fabricación y copyright |
Madrid : |
| Nombre del de productor, editor, distribuidor, fabricante |
Paraninfo Cengage Learning, |
| Fecha de producción, publicación, distribución, fabricación o copyright |
2003. |
| 300 ## - DESCRIPCIÓN FÍSICA |
| Extensión |
682 páginas : |
| Otras características físicas |
ilustraciones ; |
| Dimensiones |
24 centímetros. |
| 300 ## - DESCRIPCIÓN FÍSICA |
| Extensión |
2 CD-ROM |
| 336 ## - TIPO DE CONTENIDO |
| Término de tipo de contenido |
text |
| Fuente |
rdacontent |
| 337 ## - TIPO DE MEDIO |
| Nombre/término del tipo de medio |
unmediated |
| Fuente |
rdamedia |
| 338 ## - TIPO DE SOPORTE |
| Nombre/término del tipo de soporte |
volume |
| Fuente |
rdacarrier |
| 504 ## - NOTA DE BIBLIOGRAFÍA, ETC. |
| Nota de bibliografía, etc. |
Incluye bibliografía. |
| 505 0# - NOTA DE CONTENIDO CON FORMATO |
| Nota de contenido con formato |
El agua: generalidades -- Características de las aguas naturales -- Contaminación del agua -- Algunos contaminantes específicos -- El aire: Atmósfera -- Conceptos básicos -- Química de la troposfera: contaminación del aire -- Contaminantes atmosféricos -- Control de la contaminación atmosférica -- Dispersión de contaminantes en la atmósfera -- Efecto invernadero -- Contaminación estratosférica: Disminución de la capa de ozono -- Calidad del aire y legislación -- Los residuos -- Normativa -- Residuos urbanos -- Tratamiento de residuos urbanos -- Residuos industriales -- Residuos agrarios -- Residuos sanitarios -- Residuos radiactivos -- Contaminación del suelo. |
| 526 ## - NOTA DE INFORMACIÓN SOBRE EL PROGRAMA DE ESTUDIO |
| Nombre del programa |
Segunda Especialidad En Estadística Aplicada Para Investigación (A Distancia) |
| 526 ## - NOTA DE INFORMACIÓN SOBRE EL PROGRAMA DE ESTUDIO |
| Nombre del programa |
Segunda Especialidad En Estadística Aplicada Para Investigación |
| 526 ## - NOTA DE INFORMACIÓN SOBRE EL PROGRAMA DE ESTUDIO |
| Nombre del programa |
Odontología |
| 526 ## - NOTA DE INFORMACIÓN SOBRE EL PROGRAMA DE ESTUDIO |
| Nombre del programa |
Tecnología Médica En Terapia Física Y Rehabilitación (A Distancia) |
| 526 ## - NOTA DE INFORMACIÓN SOBRE EL PROGRAMA DE ESTUDIO |
| Nombre del programa |
Tecnología Médica En Terapia Física Y Rehabilitación (Semipresencial) |
| 526 ## - NOTA DE INFORMACIÓN SOBRE EL PROGRAMA DE ESTUDIO |
| Nombre del programa |
Tecnología Médica En Laboratorio Clínico Y Anatomía Patológica |
| 526 ## - NOTA DE INFORMACIÓN SOBRE EL PROGRAMA DE ESTUDIO |
| Nombre del programa |
Ingeniería De Ciencia De Datos E Inteligencia Artificial |
| 526 ## - NOTA DE INFORMACIÓN SOBRE EL PROGRAMA DE ESTUDIO |
| Nombre del programa |
Ingeniería Ambiental (Semipresencial) |
| 526 ## - NOTA DE INFORMACIÓN SOBRE EL PROGRAMA DE ESTUDIO |
| Nombre del programa |
Nutrición humana |
| 526 ## - NOTA DE INFORMACIÓN SOBRE EL PROGRAMA DE ESTUDIO |
| Nombre del programa |
Medicina humana |
| 526 ## - NOTA DE INFORMACIÓN SOBRE EL PROGRAMA DE ESTUDIO |
| Nombre del programa |
Ingeniería de industrias alimentarias |
| 526 ## - NOTA DE INFORMACIÓN SOBRE EL PROGRAMA DE ESTUDIO |
| Nombre del programa |
Ingeniería civil |
| 526 ## - NOTA DE INFORMACIÓN SOBRE EL PROGRAMA DE ESTUDIO |
| Nombre del programa |
Ingeniería ambiental |
| 526 ## - NOTA DE INFORMACIÓN SOBRE EL PROGRAMA DE ESTUDIO |
| Nombre del programa |
Enfermería |
| 526 ## - NOTA DE INFORMACIÓN SOBRE EL PROGRAMA DE ESTUDIO |
| Nombre del programa |
Educación secundaria, especialidad matemática e informática |
| 526 ## - NOTA DE INFORMACIÓN SOBRE EL PROGRAMA DE ESTUDIO |
| Nombre del programa |
Educación secundaria, especialidad ambiental, biología y química |
| 650 04 - PUNTO DE ACCESO ADICIONAL DE MATERIA--TÉRMINO DE MATERIA |
| Término de materia o nombre geográfico como elemento de entrada |
Contaminación. |
| 650 00 - PUNTO DE ACCESO ADICIONAL DE MATERIA--TÉRMINO DE MATERIA |
| Término de materia o nombre geográfico como elemento de entrada |
Química del medio ambiente |
| 9 (RLIN) |
1971 |
| 700 1# - ENTRADA AGREGADA--NOMBRE PERSONAL |
| Nombre de persona |
Alfayate Blanco, José Marcos, |
| Término indicativo de función/relación |
autor. |
| 700 1# - ENTRADA AGREGADA--NOMBRE PERSONAL |
| Nombre de persona |
Gonzales Delgado, Ma. Nieves, |
| Término indicativo de función/relación |
autor. |
| 700 1# - ENTRADA AGREGADA--NOMBRE PERSONAL |
| Nombre de persona |
Pérez Serrano, Antonio, |
| Término indicativo de función/relación |
autor. |
| 700 1# - ENTRADA AGREGADA--NOMBRE PERSONAL |
| Nombre de persona |
Rodríguez Vidal, Francisco J., |
| Término indicativo de función/relación |
autor. |
| 910 ## - DATOS DE OPCIÓN DEL USUARIO (OCLC) |
| Datos de opción del usuario |
gl |
| 910 ## - DATOS DE OPCIÓN DEL USUARIO (OCLC) |
| Datos de opción del usuario |
dbm |
| 942 ## - ELEMENTOS DE ENTRADA SECUNDARIOS (KOHA) |
| Fuente del sistema de clasificación o colocación |
Clasificación Decimal Dewey |
| Tipo de ítem Koha |
Libros físicos |
| 949 ## - PROCESAMIENTO DE INFORMACIÓN LOCAL (OCLC) |
| a |
628.5 O71 2008 |
| w |
DEWEY |
| c |
1 |
| i |
58788 |
| l |
CCODEBUL1 |
| m |
BUL |
| p |
57.00 |
| r |
0 |
| s |
Y |
| t |
BOOK |
| u |
2015-6-25 |
| x |
INGENIERIA |
| 0 |
COMPRA |
| o |
.STAFF. Colección General |
| 949 ## - PROCESAMIENTO DE INFORMACIÓN LOCAL (OCLC) |
| a |
628.5 O71 2008 |
| w |
DEWEY |
| c |
2 |
| i |
62929 |
| d |
2015-11-10 |
| e |
2015-11-9 |
| l |
CCODEBUL1 |
| m |
BUL |
| n |
3 |
| p |
69.00 |
| r |
0 |
| s |
Y |
| t |
BOOK |
| u |
2015-6-25 |
| x |
INGENIERIA |
| 0 |
COMPRA |
| o |
.STAFF. Colección General |
| 949 ## - PROCESAMIENTO DE INFORMACIÓN LOCAL (OCLC) |
| a |
628.53 O71 2003 |
| w |
DEWEY |
| c |
1 |
| i |
FT02694 |
| l |
CCODEBUT1 |
| m |
BUT |
| p |
{Dolar}65.00 |
| r |
0 |
| s |
Y |
| t |
BOOK |
| u |
2017-06-06 |
| x |
FIA |
| 0 |
COMPRA |
| o |
.STAFF. Colección General Tarapoto |
| 949 ## - PROCESAMIENTO DE INFORMACIÓN LOCAL (OCLC) |
| a |
628.53 O71 2003 |
| w |
DEWEY |
| c |
2 |
| i |
FT02393 |
| l |
CCODEBUT1 |
| m |
BUT |
| p |
{Dolar}65.00 |
| r |
0 |
| s |
Y |
| t |
BOOK |
| u |
2017-06-06 |
| x |
FIA |
| 0 |
COMPRA |
| o |
.STAFF. Colección General Tarapoto |
| 949 ## - PROCESAMIENTO DE INFORMACIÓN LOCAL (OCLC) |
| a |
504.064 O71 2011 |
| w |
DEWEY |
| c |
1 |
| i |
FJ05622 |
| l |
CCODEBUJ1 |
| m |
BUJ |
| p |
85.00 |
| r |
0 |
| s |
Y |
| t |
BOOK |
| u |
2017-03-10 |
| x |
INGENIERIA |
| o |
.STAFF -- Colección General Juliaca |
| 949 ## - PROCESAMIENTO DE INFORMACIÓN LOCAL (OCLC) |
| a |
504.064 O71 2011 |
| w |
DEWEY |
| c |
2 |
| i |
FJ05623 |
| l |
CCODEBUJ1 |
| m |
BUJ |
| p |
85.00 |
| r |
0 |
| s |
Y |
| t |
BOOK |
| u |
2017-03-10 |
| x |
INGENIERIA |
| o |
.STAFF -- Colección General Juliaca |
| 949 ## - PROCESAMIENTO DE INFORMACIÓN LOCAL (OCLC) |
| a |
504.064 O71 2011 |
| w |
DEWEY |
| c |
3 |
| i |
FJ05624 |
| l |
CCODEBUJ1 |
| m |
BUJ |
| p |
85.00 |
| r |
0 |
| s |
Y |
| t |
BOOK |
| u |
2017-03-10 |
| x |
INGENIERIA |
| o |
.STAFF -- Colección General Juliaca |
| 980 ## - EQUIVALENCIA O REFERENCIA-CRUZADA-MENCIÓN DE SERIE--NOMBRE DE PERSONA/TÍTULO [LOCAL, CANADÁ] |
| ID del último usuario que modificó el registro |
1 |
| Nombre del último usuario que modificó el registro |
ALBERTO SANCHEZ Responsable de Automatización |